000 00621nam a2200205 i 4500
001 30799
003 ES-MaACL
005 20230906154245.0
007 t|
008 030127s1969 sp ||||1| spa d
100 1 _aBellet, Maurice.
_927203
245 1 0 _aCrisis del sacerdote
_b: análisis de la situación /
_cMaurice Bellet.
260 _a[Bilbao] :
_bDesclée de Brouwer,
_c1969.
300 _a406 p. ;
_c21 cm.
490 1 _aNueva biblioteca de teología ;
_v3
650 4 _aSacerdotes.
_916959
830 1 _aNueva biblioteca de teología ;
_v3
_9181370
852 _aES-MaACL
_jC-50426
999 _c30799
_d30799